Philosophy of history / (Record no. 728)

000 -LEADER
fixed length control field 00825pam a2200253 a 4500
001 - CONTROL NUMBER
control field 4396062
003 - CONTROL NUMBER IDENTIFIER
control field OSt
005 - DATE AND TIME OF LATEST TRANSACTION
control field 20140116120836.0
008 - FIXED-LENGTH DATA ELEMENTS--GENERAL INFORMATION
fixed length control field 920629s1993 nju b 001 0 eng
020 ## - INTERNATIONAL STANDARD BOOK NUMBER
International Standard Book Number 9780130128164
040 ## - CATALOGING SOURCE
Transcribing agency DLC
050 00 - LIBRARY OF CONGRESS CALL NUMBER
Classification number D16.8.D73 1993
100 1# - MAIN ENTRY--PERSONAL NAME
Personal name Dray, William H.
245 00 - TITLE STATEMENT
Title Philosophy of history /
Statement of responsibility, etc William H. Dray.
250 ## - EDITION STATEMENT
Edition statement 2nd ed.
260 ## - PUBLICATION, DISTRIBUTION, ETC. (IMPRINT)
Place of publication, distribution, etc Upper Saddle River, N.J. :
Name of publisher, distributor, etc Prentice-Hall,
Date of publication, distribution, etc 1993.
300 ## - PHYSICAL DESCRIPTION
Extent ix, 146 p.
440 #0 - SERIES STATEMENT/ADDED ENTRY--TITLE
Title Prentice-Hall foundations of philosophy series
504 ## - BIBLIOGRAPHY, ETC. NOTE
Bibliography, etc Includes bibliographical references and index.
650 #0 - SUBJECT ADDED ENTRY--TOPICAL TERM
Topical term or geographic name as entry element History
General subdivision Philosophy.
906 ## - LOCAL DATA ELEMENT F, LDF (RLIN)
a 7
b cbc
c orignew
d 1
e ocip
f 19
g y-gencatlg
942 ## - ADDED ENTRY ELEMENTS (KOHA)
Source of classification or shelving scheme
Koha item type Book
Holdings
Withdrawn status Lost status Source of classification or shelving scheme Damaged status Not for loan Home library Current library Date acquired Source of acquisition Total Checkouts Full call number Barcode Date last seen Date checked out Copy number Price effective from Koha item type Total Renewals
          Riara University Library Riara University Library 28/10/2011 Purchase 2 D16.8.D73 1993 2801/11 09/03/2017 13/12/2016 C.1 28/10/2011 Book  
          Riara University Library Riara University Library 21/02/2012   1 D16.8.D73 1993 3221/11 06/03/2019 14/09/2018 C.2 21/02/2012 Book 1

Riara University Library,
P.O. Box 49940-00100,
Nairobi, Kenya.